| 000 | 00541nac a22001691u 4500 | ||
|---|---|---|---|
| 008 | 090112s2005 ca |||||r|||| 00| 0 eng d | ||
| 020 | _a0750658290 | ||
| 082 |
_a658.114 _bCAM _222 |
||
| 100 |
_aCampbell, David _933315 |
||
| 245 |
_aOrganisations and the business environment / _cDavid Campbell, Tom Craig |
||
| 250 | _a2nd ed. | ||
| 260 |
_aAmsterdam : _bElsevier, _c2005. |
||
| 300 |
_a320 p. ; _c24 cm. |
||
| 650 |
_aNew business enterprises _xManagement _933316 |
||
| 650 |
_aOrganization _933317 |
||
| 942 |
_cBB _k658.114 CAM _2ddc |
||
| 999 |
_c180 _d180 |
||